مكتبة جامعة عجلون الوطنية

فهرس بحث المكتبة

تحليل السلوك التطبيقي: مبادىء واجراءات في تعديل السلوك=Applied Behavior Analysis: Principles&Procedures in Bhavior Modification (Record no. 30938)

MARC details
000 -LEADER
fixed length control field 00975nam a2200229Ii 4500
003 - CONTROL NUMBER IDENTIFIER
control field JO-AjNU
008 - FIXED-LENGTH DATA ELEMENTS--GENERAL INFORMATION
fixed length control field 230605s9999||||xx |||||||||||||| ||und||
017 ## - COPYRIGHT OR LEGAL DEPOSIT NUMBER
Copyright or legal deposit number 2017/10/5537
020 ## - INTERNATIONAL STANDARD BOOK NUMBER
International Standard Book Number 978-9957-92-183-5
040 ## - CATALOGING SOURCE
Original cataloging agency JO-AjNU
Language of cataloging ara
Description conventions rda
Transcribing agency JO-AjNU
041 ## - LANGUAGE CODE
Language code of text/sound track or separate title ara
050 14 - LIBRARY OF CONGRESS CALL NUMBER
Classification number BF637.Z873 2018
100 3# - MAIN ENTRY--PERSONAL NAME
Personal name تأليف: الزريقات، ابراهيم عبدالله,
Relator term author
9 (RLIN) 60668
245 00 - TITLE STATEMENT
Title تحليل السلوك التطبيقي: مبادىء واجراءات في تعديل السلوك=Applied Behavior Analysis: Principles&Procedures in Bhavior Modification
250 ## - EDITION STATEMENT
Edition statement الطبعة الاولى
264 31 - PRODUCTION, PUBLICATION, DISTRIBUTION, MANUFACTURE, AND COPYRIGHT NOTICE
Place of production, publication, distribution, manufacture عمان: دار الفكر ناشرون وموزعون، 2018
300 ## - PHYSICAL DESCRIPTION
Extent 432ص
Other physical details ويحتوي على قائمة مراجع من ص425ص- 432ص
336 ## - CONTENT TYPE
Content type term text
Content type code txt
Source rdacontent
337 ## - MEDIA TYPE
Media type term unmediated
Media type code n
Source rdamedia
338 ## - CARRIER TYPE
Carrier type term volume
Carrier type code nc
Source rdacarrier
650 #4 - SUBJECT ADDED ENTRY--TOPICAL TERM
Topical term or geographic name entry element السلوك- علم النفس التطبيقي
9 (RLIN) 60669
Holdings
Withdrawn status Lost status Source of classification or shelving scheme Damaged status Not for loan Home library Current library Shelving location Date acquired Total Checkouts Full call number Barcode Date last seen Price effective from Koha item type
    Library of Congress Classification     مكتبة جامعة عجلون الوطنية مكتبة جامعة عجلون الوطنية المجموعات العامة 06/06/2023   BF637.Z873 2018 A27370 06/06/2023 06/06/2023 Books